|
|
|
|
| LEADER |
00909nam a2200253 a 4500 |
| 001 |
c000412476 |
| 003 |
CARM |
| 005 |
00000000000000.0 |
| 008 |
930420s1994 enka b 00100 eng d |
| 015 |
|
|
|a b93Y2528
|
| 019 |
1 |
|
|a 10014189
|
| 020 |
|
|
|a 0749410647 (pbk) :
|c 16.95
|
| 040 |
|
|
|d VVUT
|
| 082 |
0 |
4 |
|a 658
|2 12
|
| 245 |
0 |
0 |
|a Future of services management /
|c edited by Colin Armistead.
|
| 260 |
0 |
|
|a London :
|b Kogan Page,
|c 1994.
|
| 300 |
|
|
|a 245 p. :
|b figs ;
|c 24 cm.3cm.
|
| 490 |
0 |
|
|a Cranfield management research series.
|
| 500 |
|
|
|a Includes bibliographical references and index.
|
| 650 |
|
0 |
|a Service industries
|x Management.
|
| 700 |
1 |
|
|a Armistead, Colin G.
|
| 852 |
8 |
|
|b CARM
|h A3:AF25B0
|i B11933
|p 0582792
|f BK
|
| 999 |
f |
f |
|i 3b91f8bb-af9b-58ad-9174-0fca3a80176c
|s 7f90747c-ea98-5783-8eeb-341e197aa98d
|
| 952 |
f |
f |
|p Can circulate
|a CAVAL
|b CAVAL
|c CAVAL
|d CARM 1 Store
|e B11933
|f A3:AF25B0
|h Other scheme
|i book
|m 0582792
|